Principles of marketing

Αποθηκεύτηκε σε:
Λεπτομέρειες βιβλιογραφικής εγγραφής
Κύριος συγγραφέας: Randall, Geoffrey
Μορφή: Βιβλίο
Γλώσσα:English
Δημοσίευση: London : Routledge, 1993
Σειρά:Routledge series in the principles of management
Θέματα:
Ετικέτες: Προσθήκη ετικέτας
Δεν υπάρχουν, Καταχωρήστε ετικέτα πρώτοι!

MARC

LEADER 00000nam a2200000 i 4500
001 1/56464
008 980506s1993 eng d
020 |a 0415072662 
035 |l 10028027 
040 |a GR-MY-UA  |b gre  |e aacr 
041 0 |a eng 
082 0 |a 658.8 
100 1 |a Randall, Geoffrey. 
245 1 0 |a Principles of marketing /  |c Geoffrey Randall 
260 |a London :   |b Routledge,   |c 1993 
300 |a vii, 249 p. 
490 1 |a Routledge series in the principles of management 
504 |a Includes bibliography and index 
650 0 0 |a Marketing  |x Management. 
830 0 |a Routledge series in the principles of management 
852 |a INST  |b CHIOS  |e 19980506  |h 658.8 RAN  |p 005200016632  |q 005200016632  |t BK  |y 0 
901 |a BIBL-1998-2 
909 |a Χ  |b 054528 
922 |a 2ΕΛΗ  |b 199803  |c ΤΔΕ  |d ΠΑΠΑΣΩΤΗΡΙΟΥ